000 00392nam a22001577a 4500
008 180706b xxu||||| |||| 00| 1 tur d
041 _atur
050 _aPL248.A55
100 _aAnday, Melih Cevdet
_9229
245 _aİsa'nın Güncesi
250 _a1.Basım
260 _aİstanbul
_bAdam Yayınları
_c1974
300 _a203 Sayfa
650 0 _9145
_aTürk Edebiyatı
942 _2lcc
_cBK
999 _c2285
_d2245